De Slimste Mens ter Wereld Winnaars België - Statistieken

Algemene statistieken
  • Deze quiz is 10 keer genomen
  • De gemiddelde score is 5 van 23
Antwoordstatistieken
Jaar Editie Winnaar % Correct
2015 Regulier Tom Waes
63%
2024 Regulier Aster Nzeyimana
50%
2022 Jubileum Danira Boukhriss
50%
2025 Regulier Felix Heremans
50%
2013 Regulier Gilles De Coster
50%
2023 Regulier Guga Baúl
50%
2018 Regulier Peter Van de Veire
50%
2020 Regulier Catherine Van Eylen
25%
2019 Regulier Lieven Scheire
25%
2014 Regulier Adil El Arbi
13%
2011 Jubileum Bert Kruismans
13%
2005 Regulier Bert Kruismans
13%
2021 Regulier Geert Meyfroidt
13%
2006 Regulier Wouter Deprez
13%
2003 Regulier Alain Grootaers
0%
2008 Regulier Annelies Rutten
0%
2009 Regulier Freek Braeckman
0%
2016 Regulier Gilles Van Bouwel
0%
2010 Regulier Linda De Win
0%
2004 Regulier Stany Crets
0%
2007 Regulier Steven Van Herreweghe
0%
2012 Regulier Tomas Van Den Spiegel
0%
2017 Regulier Xavier Taveirne
0%
Geen overeenkomende quizzen gevonden
Scoreverdeling
Procent van Mensen met Elke Score
Percentiel versus Aantal Correcte Antwoorden
Uw Scoregeschiedenis
U heeft deze quiz nog niet genomen